00655 a2200193 4500020001500000020001800015082001100033090001500044100002100059245010500080260003100185300002100216490003400237700002100271830003400292942002500326999001700351952009300368 a3540059849 a9783540059844 a512.55 c1111d11111 aHarpe, P. de la.10aClassical banach-lie algebras and banach-lie groups of operators in hilbert space /cP. de la Harpe. a[S.l.] :bSpringer,c1972. a160 p. ;c24 cm.1 aLecture notes in mathematics. aHarpe, P. de la. 0aLecture notes in mathematics. aSNScBKk512.55 HAR c29726d29726 00104070aSNSbSNSd2016-05-26l0o512.55 HARpSNS0001500r2016-05-26w2016-05-26yBK